HBF regional survey of house builders (Record no. 80421)

MARC details
000 -LEADER
fixed length control field 01174cab a22002055a 4500
001 - CONTROL NUMBER
control field L144306
008 - FIXED-LENGTH DATA ELEMENTS--GENERAL INFORMATION
fixed length control field 080709s2008 xxkd f s 000 0 eng d
035 ## - SYSTEM CONTROL NUMBER
System control number (Sirsi) u144306
041 ## - LANGUAGE CODE
Language code of text/sound track or separate title eng
110 2# - MAIN ENTRY--CORPORATE NAME
Corporate name or jurisdiction name as entry element Home Builders Federation
9 (RLIN) 4896
245 ## - TITLE STATEMENT
Title HBF regional survey of house builders
Remainder of title May 2008
260 ## - PUBLICATION, DISTRIBUTION, ETC.
Date of publication, distribution, etc. 2008
490 ## - SERIES STATEMENT
Series statement Housing Market Report
Volume/sequential designation (193) May 2008, 6-10(5)
520 ## - SUMMARY, ETC.
Summary, etc. Finds that in May 2008, site visitors and net reservations were both lower than for the year previous. However, the balance reporting lower reservations improved slightly from the record low of last month. Demand from investors and first time buyers have fallen more sharply than demand from existing home owners. The discrepancy between visitors and reservations continues to illustrate the impact of the credit crunch upon the new homes sector and a range of buyers; with a net balance of -79% of house builders expected to see a drop in sales for 2008 against 2007 figures.
590 ## - LOCAL NOTE (RLIN)
Local note KA
650 24 - SUBJECT ADDED ENTRY--TOPICAL TERM
Topical term or geographic name entry element HBF REGIONAL SURVEY OF HOUSE BUILDERS
651 #4 - SUBJECT ADDED ENTRY--GEOGRAPHIC NAME
Geographic name England and Wales
Chronological subdivision 1543-
690 ## - LOCAL SUBJECT ADDED ENTRY--TOPICAL TERM (OCLC, RLIN)
Topical term or geographic name as entry element PROPERTY-RESIDENTIAL PROPERTY-RESIDENTIAL PROPERTY MARKET
942 ## - ADDED ENTRY ELEMENTS (KOHA)
Suppress in OPAC 0
Holdings
Withdrawn status Lost status Source of classification or shelving scheme Damaged status Not for loan Home library Current library Shelving location Date acquired Total Checkouts Full call number Barcode Date last seen Copy number Price effective from Koha item type
    Dewey Decimal Classification     London London Journal article 09/07/2008   L144306 144306-2001 06/08/2019 1 06/08/2019 Journal article